[Event "Challenge"]
[Site "http://www.queenalice.com/game.php?id=272442"]
[Date "2007.9.16"]
[Round "-"]
[White "Kapichess"]
[Black "Virgilio"]
[Result "1-0"]
[WhiteElo "2022"]
[BlackElo "2037"]

1. e4 e5 2. Nf3 Nc6 3. Bc4 Bc5 4. c3 Nf6 5. b4 Bb6 6. d3 h6 7. b5 Na5 8. Nxe5
O-O 9. O-O d6 10. Bxf7+ Rxf7 11. Nxf7 Kxf7 12. Be3 c6 13. bxc6 bxc6 14. Nd2 Bg4
15. Qe1 Kg8 16. f4 Qe7 17. Rb1 c5 18. c4 Nc6 19. Nf3 Re8 20. a3 Bd7 21. Bd2 Qd8
22. Qg3 Bg4 23. Bc3 Ba5 24. Bxf6 Qxf6 25. Qxg4 Nd4 26. Rb7 Nxf3+ 27. Qxf3 Qd4+
28. Kh1 Bb6 29. Qh5 Rf8 30. Qg6 Rxf4 31. Rb8+ 1-0

[Event "AUTO-MASTER-383"]
[Site "http://www.queenalice.com/game.php?id=273365"]
[Date "2007.9.18"]
[Round "1"]
[White "Rutty"]
[Black "Kapichess"]
[Result "0-1"]
[WhiteElo "1873"]
[BlackElo "2012"]

1. e4 e5 2. Nf3 Nc6 3. Bc4 Bc5 4. c3 Nf6 5. d4 exd4 6. cxd4 Bb4+ 7. Nc3 Nxe4 8.
O-O Bxc3 9. d5 Bf6 10. dxc6 bxc6 11. Re1 O-O 12. Rxe4 d5 13. Re2 dxc4 14. Qc2
Qd3 15. Bf4 Rb8 16. Rb1 Qxc2 17. Rxc2 Bf5 18. Rbc1 Bxc2 19. Rxc2 Rxb2 20. Rxb2
Bxb2 21. Kf1 Rb8 22. Bxc7 Rb4 0-1

[Event "AUTO-MASTER-383"]
[Site "http://www.queenalice.com/game.php?id=273366"]
[Date "2007.9.18"]
[Round "1"]
[White "Kapichess"]
[Black "Rutty"]
[Result "1-0"]
[WhiteElo "1990"]
[BlackElo "1955"]

1. d4 d5 2. c4 c6 3. Nf3 Nf6 4. Nc3 Bf5 5. cxd5 cxd5 6. Qb3 b6 7. Bg5 e6 8. e4
dxe4 9. Bb5+ Nbd7 10. Ne5 Qc7 11. Bxf6 gxf6 12. Bxd7+ 1-0

[Event "AUTO-MASTER-408"]
[Site "http://www.queenalice.com/game.php?id=296573"]
[Date "2007.11.1"]
[Round "1"]
[White "Nephi_R"]
[Black "Kapichess"]
[Result "0-1"]
[WhiteElo "1867"]
[BlackElo "2079"]

1. e4 c5 2. Nf3 Nc6 3. d4 cxd4 4. Nxd4 Nf6 5. Nc3 e6 6. Be2 Bb4 7. Nxc6 dxc6 8.
Bg5 Qa5 9. Bd2 Qc7 10. h3 e5 11. Bf3 Be6 12. Qe2 O-O-O 13. a3 Bc5 14. Bg5 Rd4
15. O-O Bc4 16. Bg4+ Kb8 17. Qf3 Bxf1 18. Rxf1 h5 19. Bf5 Be7 20. Be3 Rdd8 21.
Bc5 Bxc5 0-1

[Event "AUTO-MASTER-408"]
[Site "http://www.queenalice.com/game.php?id=296587"]
[Date "2007.11.1"]
[Round "1"]
[White "PackoJones"]
[Black "Kapichess"]
[Result "1/2-1/2"]
[WhiteElo "2118"]
[BlackElo "2050"]

1. e4 c6 2. c4 d5 3. exd5 Nf6 4. d4 cxd5 5. Nc3 Nc6 6. Bg5 Be6 7. Bxf6 exf6 8.
c5 Qd7 9. Nf3 g5 10. h3 h5 11. Qa4 Be7 12. Bb5 O-O 13. O-O g4 14. hxg4 hxg4
1/2-1/2

[Event "AUTO-MASTER-408"]
[Site "http://www.queenalice.com/game.php?id=296588"]
[Date "2007.11.1"]
[Round "1"]
[White "Kapichess"]
[Black "PackoJones"]
[Result "1/2-1/2"]
[WhiteElo "2053"]
[BlackElo "2116"]

1. d4 Nf6 2. c4 e6 3. Nc3 Bb4 4. Bg5 h6 5. Bh4 c5 6. dxc5 O-O 7. e3 Re8 8. Rc1
Na6 9. Ne2 Bxc5 10. Nd4 d6 11. Bxf6 Qxf6 12. Be2 e5 13. Ndb5 Qg6 14. g3 1/2-1/2

[Event "AUTO-MASTER-408"]
[Site "http://www.queenalice.com/game.php?id=296595"]
[Date "2007.11.1"]
[Round "1"]
[White "guzanito"]
[Black "Kapichess"]
[Result "0-1"]
[WhiteElo "2159"]
[BlackElo "2059"]

1. e4 c5 2. Nf3 Nc6 3. d4 cxd4 4. Nxd4 Nf6 5. Nc3 d6 6. Be3 h6 7. Bc4 e5 8. Ndb5
a6 9. Na3 b5 10. Bd5 Bd7 11. Ne2 Nxd5 12. exd5 Ne7 13. c3 Qc7 14. O-O Qb7 15. c4
bxc4 16. Nxc4 Nxd5 17. Qd2 Rc8 18. b3 Be7 19. Rfd1 Be6 20. Rac1 O-O 21. Ng3 Nxe3
22. Qxe3 Bg5 23. Qe2 Bxc1 24. Nxd6 Qb6 0-1

[Event "AUTO-MASTER-408"]
[Site "http://www.queenalice.com/game.php?id=296596"]
[Date "2007.11.1"]
[Round "1"]
[White "Kapichess"]
[Black "guzanito"]
[Result "1/2-1/2"]
[WhiteElo "2056"]
[BlackElo "2128"]

1. d4 d5 2. c4 c6 3. Nc3 Nf6 4. Nf3 Bf5 5. cxd5 Nxd5 6. Qb3 Qb6 7. e4 Qxb3 8.
axb3 Nxc3 9. exf5 Nd5 10. Bd2 g6 11. g4 Bg7 12. Bd3 Nd7 13. O-O N7b6 14. Kg2 a6
15. h4 O-O-O 16. Kg3 Rd7 17. Ba5 gxf5 18. Bxf5 e6 19. Bc2 Na8 20. g5 Nac7 21.
Ne5 Bxe5+ 22. dxe5 Nb5 23. Ra4 h6 24. Be4 1/2-1/2

[Event "AUTO-MASTER-490"]
[Site "http://www.queenalice.com/game.php?id=376603"]
[Date "2008.3.25"]
[Round "1"]
[White "Kapichess"]
[Black "aormic"]
[Result "0-1"]
[WhiteElo "1950"]
[BlackElo "2211"]

1. d4 Nf6 2. Nf3 e6 3. c4 c5 4. d5 exd5 5. cxd5 d6 6. Nc3 g6 7. e4 Bg7 8. h3 O-O
9. Bd3 a6 10. a4 Re8 11. O-O Nbd7 12. Re1 Qc7 13. a5 b5 14. axb6 Nxb6 15. Qe2 c4
0-1

[Event "AUTO-MASTER-490"]
[Site "http://www.queenalice.com/game.php?id=376604"]
[Date "2008.3.25"]
[Round "1"]
[White "aormic"]
[Black "Kapichess"]
[Result "1-0"]
[WhiteElo "2211"]
[BlackElo "1956"]

1. e4 c5 2. Nf3 e6 3. d4 cxd4 4. Nxd4 Nc6 5. Nc3 Nf6 6. Ndb5 d6 7. Bf4 e5 8. Bg5
a6 9. Na3 b5 10. Bxf6 gxf6 11. Nd5 Rg8 12. c3 Be6 13. Nc2 Rb8 14. Nce3 1-0

[Event "AUTO-MASTER-531"]
[Site "http://www.queenalice.com/game.php?id=407690"]
[Date "2008.5.24"]
[Round "1"]
[White "deep"]
[Black "Kapichess"]
[Result "1-0"]
[WhiteElo "1965"]
[BlackElo "2056"]

1. e4 c5 2. d4 cxd4 3. c3 dxc3 4. Nxc3 Nc6 5. Nf3 d6 6. Bc4 e6 7. O-O Be7 8. Qe2
Nf6 9. Rd1 e5 10. Be3 O-O 11. h3 Be6 12. Bxe6 1-0

[Event "AUTO-MASTER-531"]
[Site "http://www.queenalice.com/game.php?id=407691"]
[Date "2008.5.24"]
[Round "1"]
[White "Kapichess"]
[Black "deep"]
[Result "0-1"]
[WhiteElo "2013"]
[BlackElo "1985"]

1. e4 c5 2. Nf3 d6 3. d4 cxd4 4. Nxd4 Nf6 5. Nc3 a6 6. Bg5 e6 7. Be2 Be7 8. Qd2
Qc7 9. O-O O-O 10. Rfd1 Nbd7 11. Nb3 b5 0-1

[Event "AUTO-MASTER-531"]
[Site "http://www.queenalice.com/game.php?id=407706"]
[Date "2008.5.24"]
[Round "1"]
[White "Toru"]
[Black "Kapichess"]
[Result "1-0"]
[WhiteElo "1904"]
[BlackElo "1975"]

1. d4 Nf6 2. Nf3 g6 3. Nc3 Bg7 4. e4 d6 5. Bg5 c6 6. Bc4 Nxe4 7. Nxe4 d5 8. Bd3
dxe4 9. Bxe4 Be6 10. O-O Nd7 11. Re1 h6 12. Be3 1-0

[Event "AUTO-MASTER-531"]
[Site "http://www.queenalice.com/game.php?id=407707"]
[Date "2008.5.24"]
[Round "1"]
[White "Kapichess"]
[Black "Toru"]
[Result "0-1"]
[WhiteElo "1996"]
[BlackElo "1883"]

1. e4 c5 2. Nf3 d6 3. d4 cxd4 4. Nxd4 Nf6 5. Nc3 a6 6. Bg5 e6 7. Be2 Be7 8. Qd2
b5 9. O-O Bb7 10. Bf3 Nfd7 11. Bxe7 Qxe7 0-1

[Event "AUTO-MASTER-531"]
[Site "http://www.queenalice.com/game.php?id=407718"]
[Date "2008.5.24"]
[Round "1"]
[White "Kapichess"]
[Black "Pato"]
[Result "0-1"]
[WhiteElo "2036"]
[BlackElo "2138"]

1. c4 Nf6 2. d4 e5 3. dxe5 Ng4 4. Bf4 g5 5. Bg3 Bg7 6. Nf3 Nc6 7. Nc3 Ncxe5 8.
Qc2 d6 9. O-O-O Nxf3 10. exf3 Ne5 11. h4 g4 0-1

[Event "AUTO-MASTER-531"]
[Site "http://www.queenalice.com/game.php?id=407719"]
[Date "2008.5.24"]
[Round "1"]
[White "Pato"]
[Black "Kapichess"]
[Result "1-0"]
[WhiteElo "2147"]
[BlackElo "2024"]

1. f4 d5 2. Nf3 g6 3. e3 Bg7 4. Be2 Nf6 5. O-O O-O 6. d3 c5 7. c3 Qc7 8. Ne5
Nfd7 9. Nf3 Rd8 10. Nbd2 Nc6 11. Qe1 Nf6 12. Nb3 1-0